Mechanical Technology: Being a Treatise on the Materials and Preparatory Process of the Mechanical Industries (Record no. 614)

000 -LEADER
fixed length control field 00582nam a2200169 4500
008 - FIXED-LENGTH DATA ELEMENTS--GENERAL INFORMATION
fixed length control field 191030b ||||| |||| 00| 0 eng d
082 00 - DEWEY DECIMAL CLASSIFICATION NUMBER
Classification number 620
Item number C483
100 ## - MAIN ENTRY--PERSONAL NAME
9 (RLIN) 124
Personal name Charnock, G. F.
245 10 - TITLE STATEMENT
Title Mechanical Technology: Being a Treatise on the Materials and Preparatory Process of the Mechanical Industries
250 ## - EDITION STATEMENT
Edition statement 2nd ed.
260 ## - PUBLICATION, DISTRIBUTION, ETC. (IMPRINT)
Place of publication, distribution, etc London
Name of publisher, distributor, etc Constable & Company
Date of publication, distribution, etc 1946
300 ## - PHYSICAL DESCRIPTION
Extent xii, 724 p.
Other physical details ill.
500 ## - GENERAL NOTE
General note includes 529 Illustrations and 38 Tables.<br/>
650 #0 - SUBJECT ADDED ENTRY--TOPICAL TERM
Topical term or geographic name as entry element Mechanical Engineering
700 ## - ADDED ENTRY--PERSONAL NAME
9 (RLIN) 125
Personal name Partington, F. W.
942 ## - ADDED ENTRY ELEMENTS (KOHA)
Source of classification or shelving scheme
Item type Books
Holdings
Withdrawn status Lost status Source of classification or shelving scheme Damaged status Not for loan Permanent location Current location Date acquired Full call number Barcode Date last seen Koha item type
          IMU Kolkata IMU Kolkata 1952-10-10 620 C483 00042 2019-10-30 Books
Designed and Maintained by IMU-KC Library, Kolkata Campus © Copyright All Rights Reserved

webs counters

Powered by Koha